| 000 | 00480nam a2200181 i 4500 | ||
|---|---|---|---|
| 001 | 146551 | ||
| 003 | ES-MaACL | ||
| 005 | 20250629063131.0 | ||
| 007 | t| | ||
| 008 | 070912s1962 sp ||||1| spa d | ||
| 080 | _a869.9-14"19" | ||
| 100 | 1 |
_aTovar, Antonio, _d1911-1985 _9111167 |
|
| 245 | 1 | 0 |
_aArredores / _cAntonio Tovar. |
| 260 |
_aVigo : _b[Salnes], _c1962. |
||
| 300 |
_a95 p. ; _c17 cm. |
||
| 852 |
_aES-MaACL _jC-21354 _bR.49942 |
||
| 999 |
_c146551 _d146551 |
||